[Event "AUTO-OPEN-1670"]
[Site "http://www.queenalice.com/game.php?id=642790"]
[Date "2009.8.26"]
[Round "1"]
[White "Neimar_Dantas"]
[Black "Dionnatann"]
[Result "1-0"]
[WhiteElo "1983"]
[BlackElo "1366"]

1. d4 Nc6 2. Nf3 e6 3. e3 d5 4. Be2 Bb4+ 5. Nbd2 Qd6 6. O-O f5 7. a3 Bxd2 8.
Bxd2 Na5 9. Bxa5 b6 10. Bd2 Nf6 11. c4 dxc4 12. Bxc4 Ng4 13. h3 Nh6 14. Rc1 g5
15. Nxg5 1-0

[Event "AUTO-OPEN-1670"]
[Site "http://www.queenalice.com/game.php?id=642791"]
[Date "2009.8.26"]
[Round "1"]
[White "Dionnatann"]
[Black "Neimar_Dantas"]
[Result "0-1"]
[WhiteElo "1366"]
[BlackElo "1983"]

1. e4 c5 2. b3 d6 3. Bb5+ Bd7 4. Bxd7+ Qxd7 5. Ne2 Nf6 6. O-O Nc6 7. Nbc3 e6 8.
d3 Be7 9. Na4 O-O 10. Ng3 b5 11. Nc3 a6 12. Qg4 Nxg4 13. h3 Nge5 14. Bf4 Bf6 15.
Nh5 Be7 0-1

[Event "AUTO-INT-1428"]
[Site "http://www.queenalice.com/game.php?id=643130"]
[Date "2009.8.27"]
[Round "1"]
[White "dlabedz"]
[Black "Dionnatann"]
[Result "1-0"]
[WhiteElo "1443"]
[BlackElo "1326"]

1. d4 e6 2. e4 d5 3. e5 Nc6 4. Nf3 Bb4+ 5. c3 Be7 6. h4 g6 7. g4 Bd7 8. g5 f6 9.
exf6 Bd6 10. b3 Na5 11. Nfd2 Bf4 12. Qf3 Nc6 13. Qxf4 e5 14. dxe5 b5 15. Bxb5 a6
16. f7+ Ke7 17. c4 1-0

[Event "AUTO-INT-1428"]
[Site "http://www.queenalice.com/game.php?id=643131"]
[Date "2009.8.27"]
[Round "1"]
[White "Dionnatann"]
[Black "dlabedz"]
[Result "0-1"]
[WhiteElo "1315"]
[BlackElo "1485"]

1. e4 d5 2. Nc3 Nf6 3. Bb5+ c6 4. Be2 b5 5. a3 dxe4 6. d4 Nbd7 7. Bg5 Nd5 8.
Nxd5 cxd5 9. Bxb5 f6 10. Bf4 g5 11. Bg3 a6 12. Bc6 Rb8 13. Bxb8 Qb6 14. Qh5+ Kd8
15. Bxd7 Bxd7 16. Bg3 Qxb2 0-1

[Event "AUTO-INT-1428"]
[Site "http://www.queenalice.com/game.php?id=643144"]
[Date "2009.8.27"]
[Round "1"]
[White "Dionnatann"]
[Black "dhiratsuka"]
[Result "0-1"]
[WhiteElo "1394"]
[BlackElo "1609"]

1. e4 d5 2. exd5 Qxd5 3. Qe2 h5 4. Nc3 Qf5 5. Qe4 Qxe4+ 6. Nxe4 f5 7. Ng5 e6 8.
Bb5+ c6 9. Bc4 e5 10. Bf7+ Ke7 11. Ne6 Kxf7 12. Nxf8 Kxf8 13. Ne2 Na6 14. O-O f4
15. d3 Bg4 16. Nc3 f3 17. gxf3 Bxf3 18. Bg5 g6 19. Rfe1 Re8 0-1

[Event "AUTO-INT-1428"]
[Site "http://www.queenalice.com/game.php?id=643145"]
[Date "2009.8.27"]
[Round "1"]
[White "dhiratsuka"]
[Black "Dionnatann"]
[Result "1-0"]
[WhiteElo "1601"]
[BlackElo "1402"]

1. e4 e5 2. d4 Nc6 3. d5 Nce7 4. Bg5 h6 5. Bd2 Nf6 6. f3 d6 7. Nc3 Bd7 8. Qe2 b6
9. Nb5 a6 10. Nc3 Ng6 11. O-O-O c5 12. a3 Nf4 13. Bxf4 exf4 14. e5 dxe5 15.
Qxe5+ Qe7 16. Re1 a5 17. Bb5 Qxe5 18. Rxe5+ Kd8 19. Nge2 Bd6 20. Bxd7 1-0

[Event "Challenge"]
[Site "http://www.queenalice.com/game.php?id=652510"]
[Date "2009.9.15"]
[Round "-"]
[White "clovis"]
[Black "Dionnatann"]
[Result "0-1"]
[WhiteElo "2101"]
[BlackElo "1440"]

1. e4 c5 2. Nf3 d6 3. Bb5+ Nc6 4. O-O Bd7 5. d4 cxd4 6. Nxd4 Nf6 7. Nc3 e6 8.
Bg5 Be7 9. Bxc6 bxc6 10. Qe2 O-O 11. Rad1 h6 12. Bh4 g5 13. Bg3 c5 14. Ndb5 d5
15. exd5 Nxd5 16. Nxd5 exd5 17. Rxd5 Bxb5 18. Rxd8 Bxe2 19. Rxa8 Rxa8 20. Re1
Rd8 21. f4 Rd2 22. Kf2 Bb5+ 23. Kg1 Bf6 24. Rc1 Bxb2 25. Re1 Bd4+ 26. Kh1 Bc6
0-1

[Event "AUTO-INT-1477"]
[Site "http://www.queenalice.com/game.php?id=666175"]
[Date "2009.10.12"]
[Round "1"]
[White "Dionnatann"]
[Black "MarTraM"]
[Result "0-1"]
[WhiteElo "1406"]
[BlackElo "1833"]

1. e4 e5 2. Nf3 Nc6 3. Bb5 Nge7 4. O-O g6 5. Bxc6 Nxc6 6. Qe2 Bg7 7. c3 O-O 8.
d4 d6 9. dxe5 Nxe5 10. Nxe5 dxe5 11. Rd1 Qe7 12. b4 Be6 13. Na3 Rfd8 14. Bg5 Bf6
0-1

[Event "AUTO-INT-1477"]
[Site "http://www.queenalice.com/game.php?id=666176"]
[Date "2009.10.12"]
[Round "1"]
[White "MarTraM"]
[Black "Dionnatann"]
[Result "1-0"]
[WhiteElo "1831"]
[BlackElo "1408"]

1. d4 Nc6 2. Nf3 b6 3. e4 Bb7 4. Nc3 e6 5. Be2 Bb4 6. Qd3 a6 7. O-O Bxc3 8. Qxc3
a5 9. d5 exd5 10. exd5 Na7 11. Qxg7 Qf6 12. Qxf6 Nxf6 13. c4 c6 14. b3 Ne4 15.
Bb2 1-0

[Event "AUTO-INT-1477"]
[Site "http://www.queenalice.com/game.php?id=666177"]
[Date "2009.10.12"]
[Round "1"]
[White "Dionnatann"]
[Black "josa23"]
[Result "0-1"]
[WhiteElo "1462"]
[BlackElo "1633"]

1. e4 e5 2. Nf3 Nc6 3. Bb5 d6 4. Bxc6+ bxc6 5. O-O Bg4 6. h3 Bxf3 7. Qxf3 Nf6 8.
Nc3 Be7 9. d3 O-O 10. Bg5 h6 11. Bxf6 Bxf6 12. Rae1 Rb8 0-1

[Event "AUTO-INT-1477"]
[Site "http://www.queenalice.com/game.php?id=666178"]
[Date "2009.10.12"]
[Round "1"]
[White "josa23"]
[Black "Dionnatann"]
[Result "1-0"]
[WhiteElo "1642"]
[BlackElo "1453"]

1. e4 e6 2. Nf3 d5 3. exd5 exd5 4. d4 Nc6 5. Bb5 Qe7+ 6. Qe2 Bg4 7. Bxc6+ bxc6
8. Qxe7+ Bxe7 9. Ne5 Bb4+ 10. c3 Bd6 11. Nxg4 O-O-O 12. Be3 Nf6 13. Nxf6 1-0

[Event "AUTO-INT-1495"]
[Site "http://www.queenalice.com/game.php?id=673532"]
[Date "2009.10.27"]
[Round "1"]
[White "saturnin"]
[Black "Dionnatann"]
[Result "1-0"]
[WhiteElo "1590"]
[BlackElo "1426"]

1. Nf3 e6 2. e4 Nf6 3. d3 Bb4+ 4. Nbd2 Ng4 5. Qe2 Qf6 6. c3 Bc5 7. d4 Bd6 8. e5
Qf5 9. h3 Nh6 10. Ne4 b6 11. Nxd6+ cxd6 12. c4 dxe5 13. Nxe5 Qf6 14. g3 1-0

[Event "AUTO-INT-1495"]
[Site "http://www.queenalice.com/game.php?id=673533"]
[Date "2009.10.27"]
[Round "1"]
[White "Dionnatann"]
[Black "saturnin"]
[Result "0-1"]
[WhiteElo "1417"]
[BlackElo "1599"]

1. e4 e5 2. Nf3 Nc6 3. Bb5 Nce7 4. Nxe5 c6 5. Bd3 g6 6. Qg4 Nf6 7. Qf4 Bg7 8.
Bc4 d5 9. exd5 cxd5 10. Bb5+ Bd7 11. Nxd7 Nxd7 12. Qd6 a6 13. Bxd7+ Qxd7 0-1

[Event "AUTO-INT-1495"]
[Site "http://www.queenalice.com/game.php?id=673540"]
[Date "2009.10.27"]
[Round "1"]
[White "Givanildo"]
[Black "Dionnatann"]
[Result "1-0"]
[WhiteElo "1505"]
[BlackElo "1387"]

1. e3 d5 2. Bb5+ c6 3. Ba4 b5 4. Bb3 Qb6 5. d3 Nd7 6. e4 dxe4 7. Qh5 Ngf6 8.
Qxf7+ Kd8 9. Qe6 exd3 10. Be3 Qa5+ 11. Bd2 b4 12. Qxc6 Rb8 13. cxd3 Qc5 14. Qe6
1-0

[Event "AUTO-INT-1495"]
[Site "http://www.queenalice.com/game.php?id=673541"]
[Date "2009.10.27"]
[Round "1"]
[White "Dionnatann"]
[Black "Givanildo"]
[Result "0-1"]
[WhiteElo "1376"]
[BlackElo "1516"]

1. e4 e6 2. d4 Qh4 3. Qe2 Bd6 4. Nf3 Qf6 5. Bg5 Qg6 6. Nbd2 h6 7. Bh4 b6 8. Nc4
f6 9. Nxd6+ cxd6 10. Rd1 Ba6 11. c4 Nc6 12. Qe3 O-O-O 13. d5 exd5 0-1

[Event "Challenge"]
[Site "http://www.queenalice.com/game.php?id=674724"]
[Date "2009.10.30"]
[Round "-"]
[White "Dionnatann"]
[Black "clovis"]
[Result "0-1"]
[WhiteElo "1343"]
[BlackElo "2115"]

1. d4 d5 2. Nf3 Nf6 3. c4 c6 4. Qb3 Qb6 5. g3 Bf5 6. Bg2 e6 7. Nc3 Ne4 8. Qxb6
axb6 9. cxd5 exd5 10. O-O Bd6 11. Nxe4 Bxe4 12. Rd1 Nd7 13. Nh4 Bxg2 0-1